[Event "34th Chess Olympiad (men)"]
[Site "Istanbul"]
[Date "2000.11.08"]
[Round "11.52.4"]
[White "Mannhart, Marcel"]
[Black "Vella, Duncan"]
[WhiteElo "2061"]
[BlackElo "2000"]
[WhiteCountry "LIE"]
[BlackCountry "MLT"]
[Result "1-0"]

1. Nc3 d5 2. e4 d4 3. Nb1 c5 4. Bc4 Nc6 5. d3 g6 6. Ne2 Bg7 7. Nd2 Nf6 
8. h3 O-O 9. O-O Ne5 10. Bb3 Nc6 11. f4 Na5 12. Qe1 Nxb3 13. axb3 Kh8 
14. Nf3 Ne8 15. Qh4 Bf6 16. Qf2 e6 17. Ng5 h6 18. Nf3 Bg7 19. Bd2 f5 20. e5 Rg8 
21. Kh2 Bf8 22. Rg1 b6 23. g4 a5 24. gxf5 exf5 25. Nh4 Kh7 26. Nxg6 Ra7 
27. Nxf8+ Rxf8 28. Rg3 Rg7 29. Rxg7+ Nxg7 30. Rg1 Rg8 31. Qg2 Ne6 
32. Qxg8+ Qxg8 33. Rxg8 Kxg8 34. Ng3 Nc7 35. Nh5 Nd5 36. c4 dxc3 37. bxc3 Ba6 
38. c4 Nb4 39. Nf6+ Kf7 40. Bxb4 cxb4 41. Nd5 b5 42. Ne3 bxc4 43. dxc4 a4 
44. bxa4 b3 45. Nd1 Bxc4 46. Nb2 Bd5 47. Kg3 Ke7 48. Kf2 Kd7 49. Ke3 Kc6 
50. Kd4 Be6 51. Kc3 Kb6 52. Kb4 Bd5 53. Nd3 Kc6 54. Kc3 Kb6 55. Nc1 Ka5 
56. Nxb3+ Kxa4 57. Nd4 Ka5 58. h4 h5 59. Nxf5 Kb6 60. Kd4 Bf7 61. Ng7 Kc7 
62. e6 Bg6 63. f5 
1-0

[Event "34th Chess Olympiad (men)"]
[Site "Istanbul"]
[Date "2000.11.08"]
[Round "11.53.1"]
[White "Cueto, Johnny"]
[Black "Corbin, Philip"]
[WhiteElo "2389"]
[BlackElo "2228"]
[WhiteCountry "BOL"]
[BlackCountry "BAR"]
[Result "0-1"]

1. d4 d5 2. e4 dxe4 3. Nc3 e5 4. Be3 exd4 5. Bxd4 Nf6 6. Bc4 Nc6 7. Bxf6 Qxf6 
8. Qe2 Be7 9. Nd5 Qxb2 10. Rd1 O-O 11. Qxe4 Bb4+ 12. Kf1 Be6 13. Bd3 g6 
14. Nxc7 Bf5 15. Qc4 Ne5 16. Qb3 Qxb3 17. axb3 Rad8 18. Ke2 Nxd3 19. cxd3 Rd7 
20. Rc1 Rc8 21. Nf3 Rdxc7 22. Rxc7 Rxc7 
0-1

[Event "34th Chess Olympiad (men)"]
[Site "Istanbul"]
[Date "2000.11.08"]
[Round "11.53.2"]
[White "Austin, Dirk"]
[Black "Zambrana, Oswaldo"]
[WhiteElo "2000"]
[BlackElo "2253"]
[WhiteCountry "BAR"]
[BlackCountry "BOL"]
[Result "0-1"]

1. c4 Nf6 2. Nf3 e6 3. Nc3 b6 4. e4 d6 5. d4 Bb7 6. Bd3 Nbd7 7. O-O e5 8. d5 g6 
9. Rb1 a5 10. a3 Bg7 11. b4 O-O 12. Be3 h6 13. Nd2 Bc8 14. Nb3 axb4 
15. axb4 Nh5 16. g3 Ndf6 17. f3 Bh3 18. Re1 Nh7 19. c5 f5 20. cxd6 cxd6 
21. Bf2 Ng5 22. Nd2 Nf6 23. exf5 gxf5 24. Nc4 e4 25. Be2 exf3 26. Bd3 Ng4 
27. Qb3 Bg2 
0-1

[Event "34th Chess Olympiad (men)"]
[Site "Istanbul"]
[Date "2000.11.08"]
[Round "11.53.3"]
[White "Ferrufino, Boris"]
[Black "Elson, Askari"]
[WhiteElo "2146"]
[BlackElo "2000"]
[WhiteCountry "BOL"]
[BlackCountry "BAR"]
[Result "1-0"]

1. d4 Nf6 2. c4 g6 3. Nc3 Bg7 4. e4 d6 5. Be2 O-O 6. Nf3 e5 7. dxe5 dxe5 
8. Qxd8 Rxd8 9. Bg5 Re8 10. O-O-O h6 11. Bh4 c6 12. Nxe5 Nxe4 13. Nxe4 Bxe5 
14. Nd6 Bxd6 15. Rxd6 Bf5 16. Rd2 g5 17. Bg3 Nd7 18. Rhd1 Nc5 19. f3 Ne6 
20. b3 Rad8 21. Kb2 f6 22. Rxd8 Rxd8 23. Rxd8+ Nxd8 24. Kc3 Kf7 25. Bb8 a6 
26. Kb4 Ke7 27. Ka5 Kd7 28. Kb6 Bb1 29. a3 f5 30. c5 f4 31. Bc4 Bf5 32. Be5 Kc8 
33. Bf6 Ne6 34. b4 g4 35. Be5 gxf3 36. gxf3 Bh3 37. a4 Ng5 38. Bxf4 Nxf3 
39. b5 axb5 40. axb5 cxb5 41. Bd5 Nd4 42. Bxb7+ Kd8 43. c6 
1-0

[Event "34th Chess Olympiad (men)"]
[Site "Istanbul"]
[Date "2000.11.08"]
[Round "11.53.4"]
[White "Taitt, Junior"]
[Black "Campero, Ronald"]
[WhiteElo "2000"]
[BlackElo "2000"]
[WhiteCountry "BAR"]
[BlackCountry "BOL"]
[Result "0-1"]

1. d4 g6 2. e4 Bg7 3. c4 d6 4. Nc3 c6 5. Nf3 Bg4 6. Be2 a6 7. a4 a5 8. O-O Na6 
9. h3 Bxf3 10. Bxf3 e5 11. Be3 Qc7 12. g3 Ne7 13. Bg2 O-O 14. f4 Qb6 
15. Ne2 Nb4 16. Qd2 Qa6 17. Rac1 Rad8 18. d5 cxd5 19. cxd5 Rc8 20. Nc3 Nd3 
21. Rc2 exf4 22. gxf4 Nxb2 23. Rfc1 Nc4 24. Qe1 Nxe3 25. Qxe3 Qc4 26. Kh2 Qd4 
27. Qxd4 Bxd4 28. Nb5 Be3 29. Rxc8 Bxf4+ 30. Kg1 Rxc8 31. Rxc8+ Nxc8 
32. Kf2 Nb6 33. Na3 Kf8 34. Bf1 Nxa4 35. Nc4 b6 36. Kf3 Be5 37. Bd3 Nb2 
38. Nxb2 Bxb2 39. Bb5 Ke7 40. Kg4 Kf6 41. Kf4 Bc1+ 42. Kf3 Ke5 43. Bc6 Kd4 
44. Ba4 f6 45. Bc6 Kc5 46. Ba4 b5 47. Bc2 a4 48. Ke2 Kb4 49. Kd1 Bf4 
0-1

[Event "34th Chess Olympiad (men)"]
[Site "Istanbul"]
[Date "2000.11.08"]
[Round "11.54.1"]
[White "Guillen, Ramirez Jose Antonio"]
[Black "Moussa, Alaa-Eddine"]
[WhiteElo "2281"]
[BlackElo "2255"]
[WhiteCountry "HON"]
[BlackCountry "PLE"]
[Result "1-0"]

1. e4 c5 2. Nf3 Nc6 3. Bb5 e6 4. c3 Nge7 5. O-O a6 6. Ba4 b5 7. Bc2 Bb7 
8. Re1 Qc7 9. a4 bxa4 10. Rxa4 Nc8 11. d4 Nb6 12. d5 Ne5 13. Ra1 Bd6 
14. Nbd2 O-O 15. c4 Rae8 16. Ra3 exd5 17. exd5 Ng4 18. h3 Rxe1+ 19. Qxe1 Nf6 
20. Ne4 Nxe4 21. Qxe4 f5 22. Qe2 Bc8 23. Bd2 Qd8 24. Qd3 Qe8 25. Ba5 Na8 
26. Ra1 Qh5 27. Re1 Qh6 28. Bc3 Nc7 29. Qe2 Qh5 30. Rb1 Ne8 31. Qd3 g5 
32. b4 g4 33. bxc5 Bxc5 34. Bd4 Bd6 35. Nd2 Bf4 36. c5 Qg5 37. Nf1 Nf6 
38. h4 Qg6 39. g3 Bh6 40. d6 Ne4 41. Bb3+ Rf7 42. Bc4 Nxd6 43. cxd6 
1-0

[Event "34th Chess Olympiad (men)"]
[Site "Istanbul"]
[Date "2000.11.08"]
[Round "11.54.2"]
[White "Kayle, Charles"]
[Black "Medina Colindres, Javier"]
[WhiteElo "2097"]
[BlackElo "2000"]
[WhiteCountry "PLE"]
[BlackCountry "HON"]
[Result "1/2-1/2"]

1. d4 Nf6 2. c4 e6 3. Nc3 d5 4. cxd5 exd5 5. Bg5 Be7 6. e3 O-O 7. Bd3 c6 
8. Qc2 h6 9. Bh4 Re8 10. Nge2 Ne4 11. Bxe7 Qxe7 12. Bxe4 dxe4 13. Ng3 f5 
14. O-O Na6 15. a3 Be6 16. f3 Qg5 17. fxe4 Qxe3+ 18. Qf2 
1/2-1/2

[Event "34th Chess Olympiad (men)"]
[Site "Istanbul"]
[Date "2000.11.08"]
[Round "11.54.3"]
[White "Marder Riveda, Martin"]
[Black "Asaad, Salah"]
[WhiteElo "2205"]
[BlackElo "2000"]
[WhiteCountry "HON"]
[BlackCountry "PLE"]
[Result "1-0"]

1. d4 Nf6 2. c4 g6 3. Nc3 Bg7 4. e4 d6 5. h3 O-O 6. Be3 e5 7. d5 c5 8. Bd3 Na6 
9. a3 Nc7 10. Nge2 a6 11. Qc2 Bd7 12. O-O b5 13. b3 Nfe8 14. Ng3 Rc8 
15. Nce2 h5 16. Qd2 h4 17. Nh1 Bf6 18. f4 exf4 19. Bxf4 Bxa1 20. Rxa1 Qe7 
21. Rf1 bxc4 22. bxc4 Rb8 23. Bh6 Ng7 24. Bg5 f6 25. Bxh4 g5 26. Bg3 Rb3 
27. Bc2 Rb2 28. Qd3 f5 29. e5 Rxc2 30. Qxc2 dxe5 31. Qd2 Nce8 32. Bf2 Nf6 
33. Qxg5 f4 34. Bh4 Qd6 35. Nc3 Kf7 36. Qxf6+ Qxf6 37. Bxf6 Kxf6 38. Ne4+ Ke7 
39. Nxc5 Rc8 40. Nxd7 Kxd7 41. Rc1 Kd6 42. Nf2 Kc5 43. Nd3+ Kd4 44. Nb4 Rxc4 
45. Rd1+ Kc5 46. d6 a5 47. d7 Ne6 48. Nd3+ Kd5 
1-0

[Event "34th Chess Olympiad (men)"]
[Site "Istanbul"]
[Date "2000.11.08"]
[Round "11.54.4"]
[White "Mawed, Mohamed"]
[Black "Facusse-Handal, Davin"]
[WhiteElo "2000"]
[BlackElo "2000"]
[WhiteCountry "PLE"]
[BlackCountry "HON"]
[Result "1-0"]

1. e4 e5 2. Nf3 Nc6 3. d4 exd4 4. Nxd4 Bc5 5. Nxc6 bxc6 6. Bc4 Nf6 7. e5 Ne4 
8. Bxf7+ Kxf7 9. Qf3+ Nf6 10. O-O Re8 11. exf6 d5 12. fxg7+ Kg8 13. Be3 Bd6 
14. Nd2 Qh4 15. g3 Qh3 16. Rfe1 Bg4 17. Qg2 Qh5 18. c4 Bh3 19. Qf3 Bg4 
20. Qg2 Bh3 21. Qf3 Bg4 22. Qf6 Re6 23. Qg5 Rae8 24. Qxh5 Bxh5 25. Nb3 Re4 
26. cxd5 cxd5 27. Nd4 Bc5 28. Nf5 Bg6 29. Nh4 Bh5 30. Nf5 Bg6 31. Nh4 Bh5 
32. Ng2 d4 33. Bh6 Rxe1+ 34. Rxe1 Rxe1+ 35. Nxe1 Be2 36. a3 d3 37. Kg2 Bd4 
38. b4 Bxg7 39. Bd2 Kf7 40. f4 Ke6 41. Nf3 Bxf3+ 42. Kxf3 Kd5 43. f5 Kc4 
44. g4 Bc3 45. Ke3 Bd4+ 46. Ke4 Bc3 47. Bf4 d2 48. Bxd2 Bxd2 49. f6 Kb3 
50. h4 Bc3 51. g5 Kxa3 52. b5 Ka4 53. h5 Kxb5 54. Kf5 c5 55. g6 hxg6+ 
56. hxg6 Bxf6 57. Kxf6 Kc4 58. g7 Kd3 59. g8=Q c4 60. Qd8+ Kc2 61. Qa5 c3 
62. Ke5 
1-0

[Event "34th Chess Olympiad (men)"]
[Site "Istanbul"]
[Date "2000.11.08"]
[Round "11.55.1"]
[White "Carrera, Alhan"]
[Black "Bhowany, Harrynarain"]
[WhiteElo "2135"]
[BlackElo "2000"]
[WhiteCountry "PAN"]
[BlackCountry "MRI"]
[Result "1-0"]

1. d4 d5 2. c4 e6 3. Nc3 Nf6 4. Bg5 Be7 5. e3 h6 6. Bf4 Nc6 7. c5 O-O 8. Bd3 a6 
9. a3 Bd7 10. b4 Kh8 11. Bc2 Rg8 12. h4 Nh7 13. Qd3 f5 14. Nf3 Nf6 15. Ng5 Qe8 
16. Nf3 Ne4 17. Bxc7 Na7 18. a4 Nc6 19. Rb1 Qg6 20. Rg1 Be8 21. g3 Qf6 
22. Bf4 Bh5 23. Ne5 Nxe5 24. Bxe5 Qg6 25. Nxe4 fxe4 26. Qf1 Bf3 27. Qh3 Rgf8 
28. g4 Rf7 29. Rb2 Raf8 30. Bb1 Kg8 31. Rg3 Bf6 32. Bd6 Be7 33. Bxe7 Rxe7 
34. Rxf3 Rxf3 35. Qxf3 Rf7 36. Qg2 Rf3 37. Qxf3 
1-0

[Event "34th Chess Olympiad (men)"]
[Site "Istanbul"]
[Date "2000.11.08"]
[Round "11.55.2"]
[White "Li Ying, Denis"]
[Black "Cedeno, Ahmed"]
[WhiteElo "2090"]
[BlackElo "2095"]
[WhiteCountry "MRI"]
[BlackCountry "PAN"]
[Result "1-0"]

1. e4 e5 2. Nf3 Nc6 3. Bb5 Nf6 4. O-O d6 5. Re1 Be7 6. c3 a6 7. Ba4 b5 
8. Bc2 O-O 9. h3 h6 10. d4 Bb7 11. Nbd2 Re8 12. Nf1 Nd7 13. Ng3 exd4 
14. cxd4 Bf6 15. a3 Nf8 16. Nf5 Ne7 17. N3h4 Nfg6 18. Nxe7+ Bxe7 19. Nxg6 fxg6 
20. Qg4 g5 21. Qe6+ Kf8 22. Bb3 d5 23. e5 Bf6 24. Qf5 Kg8 25. Bc2 Kf7 
26. Bd2 Re6 27. Qg6+ Kf8 28. Bb4+ Be7 29. Qxe6 Bxb4 30. axb4 Qe7 31. Qxe7+ Kxe7 
32. Re3 Rf8 33. Rf3 Rf4 34. Rxf4 gxf4 35. g3 
1-0

[Event "34th Chess Olympiad (men)"]
[Site "Istanbul"]
[Date "2000.11.08"]
[Round "11.55.3"]
[White "Gardellini, Arnulfo"]
[Black "Chinasamy, Devarajen"]
[WhiteElo "2000"]
[BlackElo "2020"]
[WhiteCountry "PAN"]
[BlackCountry "MRI"]
[Result "1/2-1/2"]

1. d4 Nf6 2. c4 g6 3. Nc3 Bg7 4. e4 d6 5. f4 c5 6. d5 O-O 7. Be2 Na6 8. Nf3 Bg4 
9. O-O Nc7 10. h3 Bd7 11. e5 Nh5 12. Ne4 f5 13. exd6 fxe4 14. dxc7 Qxc7 
15. Ne5 Bxe5 16. fxe5 Rxf1+ 17. Qxf1 Qxe5 18. Bxh5 Qxh5 19. Be3 Rf8 20. Qd1 
1/2-1/2

[Event "34th Chess Olympiad (men)"]
[Site "Istanbul"]
[Date "2000.11.08"]
[Round "11.55.4"]
[White "Seegolam, Pradeep"]
[Black "Miranda, Adrian"]
[WhiteElo "2000"]
[BlackElo "2000"]
[WhiteCountry "MRI"]
[BlackCountry "PAN"]
[Result "1-0"]

1. e4 c5 2. Nf3 e6 3. d4 cxd4 4. Nxd4 a6 5. Be2 Qc7 6. O-O Nf6 7. Nc3 d6 
8. Re1 Be7 9. Be3 O-O 10. Bf1 b5 11. a3 Bb7 12. f3 Nbd7 13. Nde2 Rac8 
14. Nf4 Rfd8 15. Nd3 Nb6 16. Bf2 Nc4 17. Ne2 d5 18. exd5 Nxd5 19. Qc1 Bd6 
20. g3 Ne5 21. Nxe5 Bxe5 22. c3 Nb6 23. Kg2 Nc4 24. Ng1 Bf6 25. Bxc4 bxc4 
26. Qc2 Rd3 27. Rad1 Rcd8 28. Rxd3 Rxd3 29. Rd1 Qd7 30. Rxd3 cxd3 31. Qd1 Bc6 
32. Be3 Qd5 33. Qd2 h6 34. Kf2 g5 35. h3 Qc4 36. Ke1 e5 37. Kf2 Be7 38. g4 e4 
39. fxe4 Qxe4 40. Kf1 Bd6 41. Qf2 Bf4 42. Bd2 Qa4 43. Bxf4 gxf4 44. Ke1 Qc2 
45. Qxc2 dxc2 46. Ne2 Bf3 47. Nc1 f6 48. Kd2 Bd1 49. Nd3 Bf3 50. Kxc2 Be4 
51. Kd2 f3 52. Nf2 Bd5 53. Ke3 Kf7 54. Nd3 Bc4 55. Ne1 Bf1 56. h4 Bc4 
57. Nxf3 Be6 58. g5 fxg5 59. hxg5 h5 60. Kf4 Bb3 61. Nh4 a5 62. Ke5 a4 
63. Kd4 Ke6 64. c4 Kd6 65. Nf5+ Kd7 66. g6 Ke6 67. Ng7+ Kf6 68. Nxh5+ Kxg6 
69. Nf4+ Kf7 70. Nd5 Ke6 71. Nf4+ Kd6 72. Nd3 Kc6 73. Kc3 Kb6 74. Kb4 Kc6 
75. Nc5 
1-0

[Event "34th Chess Olympiad (men)"]
[Site "Istanbul"]
[Date "2000.11.08"]
[Round "11.56.1"]
[White "Schepel, Kaarlo"]
[Black "Ma, Ernesto"]
[WhiteElo "2175"]
[BlackElo "2200"]
[WhiteCountry "HKG"]
[BlackCountry "MAC"]
[Result "1-0"]

1. e4 e5 2. Nf3 Nc6 3. d4 exd4 4. Bc4 Bb4+ 5. c3 dxc3 6. O-O Nge7 7. Ng5 O-O 
8. Qh5 h6 9. Nxf7 Rxf7 10. Bxf7+ Kh7 11. bxc3 Bd6 12. f4 Qf8 13. f5 Bc5+ 
14. Kh1 Ne5 15. Bb3 Qf6 16. Nd2 Nd3 17. Nf3 Nf2+ 18. Rxf2 Bxf2 19. Ng5+ 
1-0

[Event "34th Chess Olympiad (men)"]
[Site "Istanbul"]
[Date "2000.11.08"]
[Round "11.56.2"]
[White "Calangi, Zachary Alexander"]
[Black "Kiernan, Mark"]
[WhiteElo "2183"]
[BlackElo "2125"]
[WhiteCountry "MAC"]
[BlackCountry "HKG"]
[Result "1/2-1/2"]

1. e4 c6 2. d4 d5 3. exd5 cxd5 4. Nf3 Nf6 5. Be2 Bg4 6. O-O e6 7. Ne5 Bxe2 
8. Qxe2 Be7 9. Qb5+ Nbd7 10. Qxb7 O-O 11. Nc6 Qe8 12. Nc3 a6 13. Re1 Bd6 
14. Bg5 Qc8 15. Na5 Rb8 16. Qxc8 Rfxc8 17. Nb3 Bb4 18. Bd2 Bxc3 19. Bxc3 Ne4 
20. Re3 g6 21. Rd1 Nxc3 22. bxc3 a5 23. a4 Nb6 24. Ra1 Rc4 25. Kf1 Rxa4 
26. Rxa4 Nxa4 27. Ke2 Rb5 28. Kd2 Nb6 29. Re1 a4 30. Nc5 Kf8 31. Ra1 a3 
32. Nb3 Ke7 33. Kd3 Nc4 34. f4 h5 35. h3 h4 36. Nd2 Nxd2 37. Kxd2 Ra5 
38. Ra2 Kf6 39. Kd3 Ra4 40. Ke3 Kf5 41. Kf3 f6 42. Ke3 g5 43. fxg5 Kxg5 
44. Kf3 f5 45. Ke3 f4+ 46. Ke2 Kf5 47. Kd3 f3 48. gxf3 Kf4 49. Ke2 Kg3 
50. Ke3 Kxh3 51. Kf2 Kh2 52. f4 h3 53. Kf3 Ra8 54. c4 dxc4 55. c3+ Kg1 
56. Ra1+ Kh2 57. Ra2+ 
1/2-1/2

[Event "34th Chess Olympiad (men)"]
[Site "Istanbul"]
[Date "2000.11.08"]
[Round "11.56.3"]
[White "Chau, Sau Ming"]
[Black "Fesalbon, Rolando"]
[WhiteElo "2000"]
[BlackElo "2000"]
[WhiteCountry "HKG"]
[BlackCountry "MAC"]
[Result "0-1"]

1. d4 c5 2. d5 d6 3. c4 b5 4. a4 b4 5. b3 Nf6 6. g3 a5 7. Bg2 Ra7 8. Bb2 Nbd7 
9. Nd2 g6 10. Qc2 Bg7 11. e4 O-O 12. h3 Ne8 13. O-O-O Bxb2+ 14. Qxb2 Ne5 
15. Nf1 f6 16. f4 Nf7 17. Ne3 Ng7 18. Nf3 e6 19. dxe6 Bxe6 20. e5 fxe5 
21. Nxe5 Nxe5 22. fxe5 Qg5 23. Rhe1 dxe5 24. g4 Raf7 25. Rd2 Rf4 26. Kb1 Rd4 
27. Rf2 Bf7 28. Nd5 Ne6 29. Ref1 Nf4 30. Qc1 Bxd5 31. Bxd5+ Kg7 32. Qc2 Rd8 
33. Be4 R8d7 34. Rf3 Qh4 35. Bc6 R7d6 36. Be4 Rd2 37. Qc1 Ne2 38. g5 Qxe4+ 
39. Ka1 Qd4+ 40. Kb1 Rd7 
0-1

[Event "34th Chess Olympiad (men)"]
[Site "Istanbul"]
[Date "2000.11.08"]
[Round "11.56.4"]
[White "Chan, Kuok"]
[Black "Chong, Chor"]
[WhiteElo "2000"]
[BlackElo "2000"]
[WhiteCountry "MAC"]
[BlackCountry "HKG"]
[Result "1/2-1/2"]

1. d4 Nf6 2. c4 e6 3. Nc3 Bb4 4. Qc2 c5 5. dxc5 Bxc5 6. Nf3 h6 7. e3 O-O 
8. Bd3 Qe7 9. O-O Nc6 10. a3 d5 11. b4 dxc4 12. Bxc4 Bd6 13. Bb2 a6 
14. Rfe1 Ne5 15. Be2 Bd7 16. Na4 Rac8 17. Qb3 Nxf3+ 18. Bxf3 Bc6 19. e4 e5 
20. Nb6 Rcd8 21. Nc4 Bc7 22. a4 b5 23. axb5 Bxb5 24. Na3 Rd3 25. Qc2 Rfd8 
26. Nxb5 axb5 27. Bc3 Bb6 28. Be2 R3d6 29. Bxb5 Ng4 30. Re2 Qh4 31. h3 Nxf2 
32. Rxf2 Rd2 33. Bxd2 Qxf2+ 34. Kh1 Rxd2 35. Qc8+ Kh7 36. Qg4 Qf6 37. Rf1 Rf2 
38. Rxf2 Qxf2 39. Qf5+ Qxf5 40. exf5 h5 41. g4 Kh6 42. Kg2 Kg5 43. Kf3 Kh4 
44. Ke4 f6 45. Be8 hxg4 46. hxg4 Kxg4 47. Bd7 Bd4 48. b5 Bb6 49. Be6 Kg5 
50. Bc8 g6 51. fxg6 Kxg6 52. Bh3 Bc7 53. Bc8 Kg5 54. Bh3 
1/2-1/2

[Event "34th Chess Olympiad (men)"]
[Site "Istanbul"]
[Date "2000.11.08"]
[Round "11.57.1"]
[White "Hawes, Jonathan"]
[Black "Molla, Mekitew"]
[WhiteElo "2113"]
[BlackElo "2000"]
[WhiteCountry "JCI"]
[BlackCountry "ETH"]
[Result "1/2-1/2"]

1. e4 c5 2. c4 d6 3. Ne2 Nf6 4. Nbc3 g6 5. d4 cxd4 6. Nxd4 Bg7 7. Be2 Nc6 
8. Be3 Bd7 9. Qd2 Ng4 10. Bxg4 Bxg4 11. f3 Bd7 12. O-O O-O 13. Rac1 Rc8 
14. b3 a6 15. Rfd1 Re8 16. Nd5 Nxd4 17. Bxd4 Bxd4+ 18. Qxd4 Be6 19. a4 Bxd5 
20. exd5 Qa5 21. Kf2 
1/2-1/2

[Event "34th Chess Olympiad (men)"]
[Site "Istanbul"]
[Date "2000.11.08"]
[Round "11.57.2"]
[White "Hailu, Wossenyelew"]
[Black "Khan, Mohammed"]
[WhiteElo "2000"]
[BlackElo "2197"]
[WhiteCountry "ETH"]
[BlackCountry "JCI"]
[Result "1-0"]

1. d4 d5 2. c4 c6 3. Nc3 Nf6 4. Nf3 e6 5. Bg5 h6 6. Bh4 g5 7. Bg3 Nh5 
8. e3 Nxg3 9. hxg3 Nd7 10. Bd3 dxc4 11. Bxc4 b5 12. Bb3 a6 13. Ne4 Be7 
14. Rc1 Bb7 15. Qd3 c5 16. dxc5 Bxe4 17. Qxe4 Nxc5 18. Rxc5 Bxc5 19. Qc6+ Kf8 
20. Qxc5+ Kg8 21. O-O Qf6 22. Nd4 Kg7 23. Qc6 h5 24. Qe4 h4 25. Qg4 Rag8 
26. Nf3 Kf8 27. Qb4+ Kg7 28. Qc5 Kh6 29. Ne5 g4 30. Bd1 Kg7 31. Bxg4 hxg3 
32. fxg3 Rh1+ 33. Kxh1 Qxf1+ 34. Kh2 Rh8+ 35. Bh3 Rxh3+ 36. Kxh3 Qh1+ 
37. Kg4 f5+ 38. Kf4 Qh6+ 39. Kf3 Qh5+ 40. Kf2 f4 
1-0

[Event "34th Chess Olympiad (men)"]
[Site "Istanbul"]
[Date "2000.11.08"]
[Round "11.57.3"]
[White "Boxal, Graham"]
[Black "Haile Giorgis, Shewaseged"]
[WhiteElo "2000"]
[BlackElo "2000"]
[WhiteCountry "JCI"]
[BlackCountry "ETH"]
[Result "0-1"]

1. d4 Nf6 2. Bg5 Ne4 3. h4 h6 4. Bf4 d5 5. f3 Nf6 6. Bg3 e6 7. e3 Bd6 8. Bf2 c5 
9. Bb5+ Bd7 10. Bxd7+ Nbxd7 11. Ne2 O-O 12. c3 e5 13. O-O e4 14. f4 Ng4 
15. Qe1 c4 16. Na3 Be7 17. g3 Ndf6 18. Nc2 Nh7 19. f5 Qd7 20. Kg2 Qxf5 
21. Bg1 Qd7 22. Nf4 g5 23. hxg5 Nxg5 24. Qe2 f5 25. Ng6 Rf6 26. Nxe7+ Qxe7 
27. b3 Qf7 28. Rab1 Qh5 
0-1

[Event "34th Chess Olympiad (men)"]
[Site "Istanbul"]
[Date "2000.11.08"]
[Round "11.57.4"]
[White "Wondimu, Dawit"]
[Black "Hill, Christopher"]
[WhiteElo "2000"]
[BlackElo "2000"]
[WhiteCountry "ETH"]
[BlackCountry "JCI"]
[Result "1-0"]

1. d4 d5 2. c4 c6 3. Nc3 Nf6 4. Nf3 dxc4 5. a4 Bf5 6. Ne5 e6 7. e3 Bb4 
8. Nxc4 a5 9. Bd2 Qc7 10. Rc1 Nbd7 11. Be2 O-O 12. O-O h6 13. Na2 Bxd2 
14. Nxd2 Rfc8 15. Nc3 Qd8 16. Qb3 Rab8 17. e4 Bh7 18. e5 Nd5 19. Nxd5 exd5 
20. Bg4 Rc7 21. f4 Nf8 22. Qc3 Re7 23. f5 Qc7 24. Nb3 g6 25. f6 Ree8 26. Qe3 g5 
27. Qh3 
1-0

[Event "34th Chess Olympiad (men)"]
[Site "Istanbul"]
[Date "2000.11.08"]
[Round "11.58.1"]
[White "Andolo, Humphrey"]
[Black "Faulks, Nick"]
[WhiteElo "2146"]
[BlackElo "2025"]
[WhiteCountry "KEN"]
[BlackCountry "BER"]
[Result "1-0"]

1. c4 e5 2. Nc3 Nf6 3. Nf3 e4 4. Ng5 b5 5. Ngxe4 Nxe4 6. Nxe4 bxc4 7. g3 f5 
8. Nc3 Bb7 9. e4 Qf6 10. Bxc4 Bc5 11. O-O fxe4 12. Qh5+ 
1-0

[Event "34th Chess Olympiad (men)"]
[Site "Istanbul"]
[Date "2000.11.08"]
[Round "11.58.2"]
[White "Rideout, Dan"]
[Black "Kanyingi, Joseph"]
[WhiteElo "2000"]
[BlackElo "2200"]
[WhiteCountry "BER"]
[BlackCountry "KEN"]
[Result "0-1"]

1. e4 c6 2. d4 d5 3. e5 Bf5 4. Nc3 e6 5. g4 Bg6 6. Nge2 Bb4 7. Nf4 Be4 
8. Bg2 Bxg2 9. Nxg2 Ne7 10. h4 h6 11. g5 hxg5 12. Bxg5 Nd7 13. Qf3 Qa5 
14. Bxe7 Kxe7 15. Ke2 c5 16. Nxd5+ exd5 17. Qxd5 Qa6+ 18. c4 cxd4 19. Qxd4 Bc5 
20. Qd5 Qc6 21. Rad1 Nb6 22. Qxc6 bxc6 23. b3 a5 24. a4 Rad8 25. f4 g6 
26. Kf3 Rxd1 27. Rxd1 Rd8 28. Rxd8 Kxd8 29. Kg4 Nd7 30. h5 gxh5+ 31. Kxh5 Bf2 
32. Kg5 Ke7 33. Kg4 Nc5 34. Kf3 Bd4 35. Nh4 Ke6 36. Kg4 Nxb3 37. Nf5 Bc5 
38. Ng7+ Kd7 39. Kf5 Bf8 40. Nh5 Nc5 41. Kf6 Ke8 42. Kf5 Nxa4 43. e6 fxe6+ 
44. Kxe6 Nc5+ 45. Ke5 Nb3 46. Ke4 Nc1 47. Kd4 Bb4 48. c5 a4 49. Ke5 
0-1

[Event "34th Chess Olympiad (men)"]
[Site "Istanbul"]
[Date "2000.11.08"]
[Round "11.58.3"]
[White "Magana, Ben"]
[Black "Ebbin, Larry"]
[WhiteElo "2000"]
[BlackElo "2000"]
[WhiteCountry "KEN"]
[BlackCountry "BER"]
[Result "1-0"]

1. e4 e5 2. Nf3 Nc6 3. Bc4 Bc5 4. c3 Nf6 5. d4 exd4 6. cxd4 Bb4+ 7. Nc3 Nxe4 
8. O-O Bxc3 9. d5 Ne7 10. bxc3 Nd6 11. Bb3 O-O 12. Re1 Ng6 13. Bg5 f6 
14. Be3 b5 15. Bc5 a5 16. a4 Ba6 17. Nd4 b4 18. cxb4 axb4 19. Bxb4 Ne5 
20. Bc2 Bc4 21. Nf5 Nef7 22. Qg4 g5 23. Nxd6 cxd6 24. Qxc4 Ne5 25. Qe2 Qc7 
26. Rec1 Qb6 27. Rab1 Rfe8 28. Qh5 Re7 29. Bc3 Qa6 30. Bxe5 dxe5 31. Rb3 Qc4 
32. Bxh7+ Rxh7 33. Qxh7+ 
1-0

[Event "34th Chess Olympiad (men)"]
[Site "Istanbul"]
[Date "2000.11.08"]
[Round "11.58.4"]
[White "Simmons, Kennedy"]
[Black "Mukabi, John"]
[WhiteElo "2000"]
[BlackElo "2100"]
[WhiteCountry "BER"]
[BlackCountry "KEN"]
[Result "0-1"]

1. e4 c5 2. Nf3 e6 3. d4 cxd4 4. Nxd4 Nc6 5. Nxc6 bxc6 6. Nc3 e5 7. Bc4 Nf6 
8. a3 d6 9. h3 Be7 10. Be3 O-O 11. Qd2 Be6 12. Be2 d5 13. exd5 cxd5 14. Bg5 d4 
15. Bxf6 gxf6 16. Ne4 f5 17. Ng3 Bg5 18. Qd1 Qc7 19. Bd3 e4 20. Qh5 f6 
21. h4 Bf7 22. Qd1 exd3 23. hxg5 dxc2 24. Qd2 Qc4 25. gxf6 Rfe8+ 26. Ne2 Rxe2+ 
27. Qxe2 c1=Q+ 28. Rxc1 Qxc1+ 29. Qd1 Re8+ 
0-1

[Event "34th Chess Olympiad (men)"]
[Site "Istanbul"]
[Date "2000.11.08"]
[Round "11.59.1"]
[White "Mueller, Leonhard"]
[Black "Tun, Yap"]
[WhiteElo "2249"]
[BlackElo "2000"]
[WhiteCountry "NAM"]
[BlackCountry "BRU"]
[Result "1-0"]

1. d4 c6 2. c4 d5 3. Nf3 Nf6 4. Nc3 Bf5 5. cxd5 cxd5 6. Qb3 Bc8 7. Bg5 e6 
8. e3 Be7 9. Bd3 O-O 10. O-O a6 11. Ne5 h6 12. Bh4 Nbd7 13. f4 Re8 14. Qc2 Nf8 
15. Qe2 Bd7 16. Qf3 Rc8 17. g4 N6h7 18. g5 g6 19. Kh1 h5 20. Ne2 Bb5 
21. Bxb5 axb5 22. Ng3 Qc7 23. Nxh5 Bxg5 24. fxg5 gxh5 25. g6 Ng5 26. Bxg5 
1-0

[Event "34th Chess Olympiad (men)"]
[Site "Istanbul"]
[Date "2000.11.08"]
[Round "11.59.2"]
[White "Yusof, Abdul"]
[Black "Leicher, Helmuth"]
[WhiteElo "2000"]
[BlackElo "2000"]
[WhiteCountry "BRU"]
[BlackCountry "NAM"]
[Result "0-1"]

1. Nf3 c5 2. g3 d5 3. Bg2 Nc6 4. O-O e5 5. d3 Nf6 6. c3 Be7 7. Nbd2 O-O 
8. Re1 e4 9. dxe4 dxe4 10. Ng5 e3 11. Ndf3 h6 12. Nh3 g5 13. Bxe3 Qxd1 
14. Rexd1 Bxh3 15. Bxh3 g4 16. Nh4 gxh3 17. Bxh6 Rfd8 18. Nf5 Kh7 19. Bg5 Kg6 
20. Nxe7+ Kxg5 21. Nxc6 bxc6 22. f3 c4 23. Rd4 Rxd4 24. cxd4 Rb8 25. Rc1 Rxb2 
26. Kf2 Rb4 27. Rc2 Nd5 28. e4 Nb6 29. f4+ Kg4 30. f5 a5 31. Ke3 a4 32. Rf2 c3 
33. Kd3 Rb2 34. Rf4+ Kg5 35. Kxc3 Rxh2 36. Rh4 Rh1 37. Kb4 h2 38. Ka5 Nc4+ 
39. Kxa4 Nd6 40. Ka5 Nxe4 41. Rxe4 Ra1 42. Rh4 h1=Q 43. Rxh1 Rxh1 44. a4 Rb1 
45. Ka6 Kxf5 46. a5 Ke4 47. Ka7 Kxd4 48. g4 c5 
0-1

[Event "34th Chess Olympiad (men)"]
[Site "Istanbul"]
[Date "2000.11.08"]
[Round "11.59.3"]
[White "Nakapunda, Otto"]
[Black "Voon Choon, Leong"]
[WhiteElo "2157"]
[BlackElo "2000"]
[WhiteCountry "NAM"]
[BlackCountry "BRU"]
[Result "1-0"]

1. d4 d6 2. c4 Nf6 3. Nf3 g6 4. Nc3 Bg7 5. e4 c5 6. Be2 cxd4 7. Nxd4 Nbd7 
8. Be3 Qa5 9. Qd2 Nc5 10. f3 h6 11. O-O a6 12. Rab1 Qc7 13. Nd5 Nxd5 
14. cxd5 Qd8 15. Rbd1 Bd7 16. Nc2 Bxb2 17. Bd4 Bxd4+ 18. Qxd4 O-O 19. f4 Qa5 
20. Qe3 f6 21. Nd4 Qa4 22. e5 Qxa2 23. f5 g5 24. exd6 exd6 25. Ne6 Rae8 
26. Bh5 Re7 27. Qd4 Bxe6 28. dxe6 Qa5 29. Qxd6 Qc7 30. Qd4 b6 31. Bf7+ Kh7 
32. Qxf6 Rexf7 33. Qg6+ Kh8 34. exf7 Rxf7 35. Qxh6+ Rh7 36. Qf6+ Rg7 
37. Rd8+ Kh7 38. Rf3 Qxd8 39. Rh3+ Kg8 40. Qxd8+ Kf7 41. Rh8 
1-0